000 00359nam a22001337a 4500
005 20180628205838.0
008 180628b xxu||||| |||| 00| 0 eng d
041 _aeng
100 _aVERMA, DR J.K.
_94411
245 _aJHARKHAND LOCAL ACTS:with rules comments and case law (VOL-1)
260 _aPATNA
_bPLJR PUBLICATIONS
_c2006
300 _a808p,
942 _cBK
999 _c5708
_d5706